АСО (Запис номер 294259)
[ съкратено ]
| 000 -Лидер | |
|---|---|
| Контролно поле с фиксирана дължина | 01097nas a2200289 c 4500 |
| 003 - Код на организацията, давaща контролен номер | |
| Контролно поле | BLK |
| 005 - Дата и час на последна редакция | |
| Контролно поле | 20180421003129.0 |
| 008 - Елементи от данни с фиксирана дължина | |
| fixed length control field | 180413b bul rap|r|||| |0| c1bulo| |
| 010 ## - Наследен системен номер | |
| LC control number | PRD00002466000 |
| 022 ## - Международен стандартен номер на серия ISSN | |
| Международният стандартен номер на серията ISSN | C603-8069 |
| 040 ## - Източник на каталожния запис | |
| Идентификатор на билиотеката - собственик на записа | BLK |
| 041 ## - Код за език | |
| Код за езика на текст/звукозапис или на отделно заглавие | Български |
| Код за езика КДБФ | Български |
| 080 ## - УДК | |
| Текстов определител УДК | Въздухоплаване. Авиация |
| УДК код - определител по УДК | 629.73 |
| УДК определител | |
| УДК - код + определител | 629.73 |
| 080 ## - УДК | |
| Текстов определител УДК | Самолетоносачи |
| УДК код - определител по УДК | 629.123.6 |
| УДК определител | |
| УДК - код + определител | 629.123.6 |
| 110 1# - Редна дума - колетивен орган | |
| Редна дума - наименование на организация или юридическо лице | Фирма Глобус-91 |
| Авторска отговорност (Описва отношението между автора и произведението) | Ред. кол.: Стоян Търницов |
| 9 (RLIN) | 360141 |
| 245 10 - Сведения за заглавието | |
| Заглавие | АСО |
| Подзаглавни данни | Авиация, самолетоносачи, операции |
| Редно поле (дума) | Фирма Глобус-91 ; Ред. кол.: Стоян Търницов |
| Дата на създаване на произведението | Начална год. на издаване: 1993, № 1, |
| 257 ## - Страна на издаване | |
| Страна на създаване/издаване | България |
| 260 ## - Област на издателските данни | |
| -- | София |
| Име на издателя, разпространителя и проч. | Глобус-91 |
| Година на издаване | 1993 |
| Печатница | ДФ Балканпрес |
| 300 ## - Физическа характеристика | |
| Размери/Мащаб | 28 |
| 310 ## - Текуща периодчност на изданието | |
| -- | периодичност: 0 |
| Срок за съхранение | срок за съхранение: 99 |
| 380 ## - Жанр | |
| Жанр | Техника |
| 852 ## - Местоположение | |
| Форматна сигнатура | Б 1518 |
| 856 ## - Електронен адрес и достъп | |
| Електронен формат | pdf - файл |
| Път до файла /url/ | |
| 856 ## - Електронен адрес и достъп | |
| Електронен формат | pdf - файл |
| Път до файла /url/ | |
| 942 ## - АРТИКУЛИ | |
| Вид на библиотечния материал | Списания |
| Скрит в OPAC | Не |
| Периодичен библиозапис | Да |
| 944 ## - СЪЗДАВАНЕ И РЕДАКЦИЯ на ЗАПИСА | |
| Създаване/Редакция | Създаване |
| Дата на регистрацията/редакция | Вася_Ганчева |
| Служител, извършил регистрацията/редакцията | 15.01.2003 |
| 944 ## - СЪЗДАВАНЕ И РЕДАКЦИЯ на ЗАПИСА | |
| Създаване/Редакция | Редакция |
| Дата на регистрацията/редакция | |
| Служител, извършил регистрацията/редакцията | 23.05.2014 |
| 999 ## - СИСТЕМНИ КОНТРОЛНИ НОМЕРА | |
| Koha biblionumber | 294259 |
| Koha biblioitemnumber | 294259 |
| Код за отписване | Код за изгубен артикул | Източник на класификационната схема | Код за повреда | Коз за рестрикции | Код за отдаване | Артикулен № | Име на библиотеката - собственик | Име на библиотеката, в която се намира в момента | Статус (Текущо местоположение) | Дата на вписване в системата | Местоположение - отдел | Цена в лева | Номерация (Хронология) | Инвентарен номер | Систематично азбучна сигнатура | Баркод | Номер на екземпляра | Цена в евро | Служебна бележка | Служебен тип на артикула | Бележка за публиката |
|---|---|---|---|---|---|---|---|---|---|---|---|---|---|---|---|---|---|---|---|---|---|
| Не е изгубен | Universal Decimal Classification | Не е повреден | без рестрикции | ползва се в читалня | 616649 | Регионална библиотека "Любен Каравелов" Русе | Регионална библиотека "Любен Каравелов" Русе | Хранилище | 1993-01-01 | Хранилище | 0.00 | Обхват на том: 1-2,1 | 700431 | Б 1518 | 130000700431 | 1 | 0.00 | Дост: Dp, Вид: Д, N: стар фонд, Дата инв: 23.05.2014, Бележки инв: Цб2014 | Списания | Год. на изд.: 1993-1994 |